Cashe wnut production and market in kampong thom province ផលិតកម្្ម​និងទីផ្សារស្វាយចន្ទីនៅខេត្តកំពង់ធំ (Record no. 450)

000 -LEADER
fixed length control field 00538nam a22001337a 4500
040 ## - CATALOGING SOURCE
Transcribing agency RUA
082 ## - DEWEY DECIMAL CLASSIFICATION NUMBER
Classification number AGR LON 2000 B026 Or.1
100 ## - MAIN ENTRY--AUTHOR NAME
Personal name LONG, PISETH.
245 ## - TITLE STATEMENT
Title Cashe wnut production and market in kampong thom province ផលិតកម្្ម​និងទីផ្សារស្វាយចន្ទីនៅខេត្តកំពង់ធំ
260 ## - PUBLICATION, DISTRIBUTION, ETC. (IMPRINT)
Place of publication Phnom Penh
Name of publisher RUA
Year of publication 2000
300 ## - PHYSICAL DESCRIPTION
Number of Pages 43p.
Other physical details ill.
Dimensions 29cm.
856 ## - ELECTRONIC LOCATION AND ACCESS
Uniform Resource Identifier https://drive.google.com/file/d/1_MGUz20IoiNWv5Cz-gsk0KLjIVVycSQr/view?usp=sharing
942 ## - ADDED ENTRY ELEMENTS (KOHA)
Koha item type AGR
952 ## - LOCATION AND ITEM INFORMATION (KOHA)
Withdrawn status [LOCAL, KOHA] 0
952 ## - LOCATION AND ITEM INFORMATION (KOHA)
Withdrawn status [LOCAL, KOHA] 0
952 ## - LOCATION AND ITEM INFORMATION (KOHA)
Withdrawn status [LOCAL, KOHA] 0
952 ## - LOCATION AND ITEM INFORMATION (KOHA)
Withdrawn status [LOCAL, KOHA] 0
Holdings
Koha item type Barcode Lost status Permanent Location Current Location Date acquired Full call number
AGRRUA001846 Library Block BLibrary Block B2015-09-14AGR LON 2000 B026 Or.1
AGRRUA001936 Library Block BLibrary Block B2015-09-14AGR LON 2000 B026 Or.2
AGRRUA001806 Library Block BLibrary Block B2015-09-14AGR LON 2000 B026 Or.3
AGRRUA001878 Library Block BLibrary Block B2015-09-14AGR LON 2000 B026 Or.4
មជ្ឈមណ្ឌលឯការនៃសាកលវិទ្យាល័យភូមិន្ទកសិកម្មចំការដូង

Powered by Koha